Analýza účtovných závierok spoločností poskytujúcich pracovnú zdravotnú službu bakalárska práca

Salvato in:
Dettagli Bibliografici
Autore principale: Viglarská, Viktória
Ente Autore: Fakulta hospodárskej informatiky EU. Katedra účtovníctva a audítorstva
Altri autori: Serpeninova, Yuliia, 1984-
Natura: Libro
Lingua:slovacco
Pubblicazione: Bratislava 2023
Tags: Aggiungi Tag
Nessun Tag, puoi essere il primo ad aggiungerne!!

MARC

LEADER 00000nbm a2200000 4500
001 0294941
005 20240326085928.6
041 0 |a slo 
044 |a SK 
245 1 0 |a Analýza účtovných závierok spoločností poskytujúcich pracovnú zdravotnú službu  |b bakalárska práca  |c Viktória Viglarská ; školiteľ: Yuliia Serpeninova 
264 1 |a Bratislava  |c 2023 
300 |a 50 s. 
100 1 |a Viglarská, Viktória 
700 1 |a Serpeninova, Yuliia, 1984- 
710 2 |a Fakulta hospodárskej informatiky EU. Katedra účtovníctva a audítorstva